Statistics for Ashanti Discography

Click here to take the quiz!

General Stats

  • This quiz has been taken 16 times
  • The average score is 7 of 11

Answer Stats

YearNameType% Correct
2002AshantiAlbum
100%
2003Chapter IIAlbum
100%
2014BraveHeartAlbum
88%
2004Concrete RoseAlbum
88%
2003Ashanti's ChristmasAlbum
75%
2008The DeclarationAlbum
75%
2013A Wonderful Christmas with AshantiEP
50%
2009The VaultCompilation
50%
20037 Series SamplerEP
38%
2006Can't StopCompilation
38%
2005Collectibles by AshantiCompilation
13%

Score Distribution

Percentile by Number Answered

Percent of People with Each Score

Your Score History

You have not taken this quiz